Organic chemistry / (Record no. 10449)
[ view plain ]
| 000 -LEADER | |
|---|---|
| fixed length control field | 00756cam a2200265 a 4500 |
| 001 - CONTROL NUMBER | |
| control field | 10449 |
| 003 - CONTROL NUMBER IDENTIFIER | |
| rucl marc code | BD-RjUL |
| 005 - DATE AND TIME OF LATEST TRANSACTION | |
| control field | 20211208234944.0 |
| 008 - FIXED-LENGTH DATA ELEMENTS--GENERAL INFORMATION | |
| fixed length control field | 140123s1995 caua 001 0 eng |
| 020 ## - INTERNATIONAL STANDARD BOOK NUMBER | |
| International Standard Book Number | 0805366504 |
| 035 ## - SYSTEM CONTROL NUMBER | |
| System control number | (BD-RjUL)10497 |
| 040 ## - CATALOGING SOURCE | |
| Original cataloging agency | DLC |
| Transcribing agency | DLC |
| Modifying agency | DLC |
| -- | BD-RjUL |
| Language of cataloging | eng |
| 041 ## - LANGUAGE CODE | |
| Language code of text/sound track or separate title | eng |
| 082 00 - DEWEY DECIMAL CLASSIFICATION NUMBER | |
| Classification number | 547 |
| Edition number | 20 |
| Author mark and year | LOO 1995 |
| 100 1# - MAIN ENTRY--PERSONAL NAME | |
| Personal name | Loudon, G. Marc. |
| 9 (RLIN) | 32283 |
| 245 10 - TITLE STATEMENT | |
| Title | Organic chemistry / |
| Statement of responsibility, etc. | G. Marc Loudon. |
| 250 ## - EDITION STATEMENT | |
| Edition statement | 3rd ed. |
| 260 ## - PUBLICATION, DISTRIBUTION, ETC. (IMPRINT) | |
| Place of publication, distribution, etc. | Redwood City, Calif. : |
| Name of publisher, distributor, etc. | Benjamin/Cummings Pub. Co., |
| Date of publication, distribution, etc. | c1995. |
| 300 ## - PHYSICAL DESCRIPTION | |
| Pagination | 1 v. (various pagings) : |
| Illustrations | ill. (some col.) ; |
| Size | 26 cm. |
| 500 ## - GENERAL NOTE | |
| General note | Includes index. |
| 650 #0 - SUBJECT ADDED ENTRY--TOPICAL TERM | |
| Topical term or geographic name as entry element | Chemistry, Organic. |
| 9 (RLIN) | 32284 |
| 942 ## - ADDED ENTRY ELEMENTS (KOHA) | |
| Source of classification or shelving scheme | Dewey Decimal Classification |
| Koha item type | Books |
| Lost status | Source of classification or shelving scheme | Damaged status | Not for loan | Permanent Location | Current Location | Shelving location | Date acquired | Source of acquisition | Cost, normal purchase price | Total Checkouts | Full call number | Date last seen | Copy number | Koha item type | Collection code |
|---|---|---|---|---|---|---|---|---|---|---|---|---|---|---|---|
| Dewey Decimal Classification | Central Library, University of Rajshahi | Central Library, University of Rajshahi | 12/07/1999 | Syntex | 38.64 | 547 LOO 1995 | 23/01/2014 | C-3 | Books | ||||||
| Dewey Decimal Classification | Not For Loan | Central Library, University of Rajshahi | Central Library, University of Rajshahi | Reading Room | 12/07/1999 | Syntex Chittagong | 58.50 | 547 LOO 1995 | 10/02/2014 | C-1 | Books | Non-fiction | |||
| Dewey Decimal Classification | Central Library, University of Rajshahi | Central Library, University of Rajshahi | 12/07/1999 | Chittagong, Syntex | 38.64 | 547 LOO 1995 | 27/02/2014 | C-2 | Books | Non-fiction | |||||
| Dewey Decimal Classification | Central Library, University of Rajshahi | Central Library, University of Rajshahi | 23/01/2000 | Chittagong, Syntex | 38.64 | 547 LOO 1995 | 20/05/2017 | C-4 | Books | Non-fiction |